000 00401cam a2200181 4500
001 D12682
008 090401t1893 xxu||||| |||| 00| 0 eng d
035 _a(Sirsi) u5108
041 _aeng
100 _aElton, Charles I
245 4 _aThe Law of copybolds
250 _a2nd
260 _aLondon
_bWiley and Sons
_c1893
350 _a0
520 _aShelf 115
942 _n0
948 _c04/03/1997
999 _c86121
_d86121